|
|
|
|
| LEADER |
00637cam a2200205 7i4500 |
| 001 |
0000020787 |
| 005 |
20090708090000.0 |
| 008 |
080227 eng |
| 020 |
|
|
|a 9780406002679
|
| 020 |
|
|
|a 0406002673 (pbk.)
|
| 090 |
0 |
0 |
|a KD661
|b .A44 1992
|
| 245 |
0 |
0 |
|a 'A' Level law
|c Tony Dugdale...[et al.].
|
| 250 |
|
|
|a 2nd ed.
|
| 260 |
|
|
|a London:
|b Butterworths,
|c 1992.
|
| 300 |
|
|
|a xxvi, 626 p.;
|c 22 cm.
|
| 500 |
|
|
|a Includes index
|
| 650 |
0 |
0 |
|a Law --
|z Great Britain
|
| 700 |
1 |
|
|a Dugdale, Tony
|
| 999 |
|
|
|a 0000022637
|b BOK
|c OPEN SHELF
|e 1st Floor, Bestari Jaya
|
| 999 |
|
|
|a 0000028093
|b BOK
|c OPEN SHELF
|e 1st Floor, Shah Alam
|